书目信息 |
| 题名: |
水绘集
|
|
| 作者: | 冒怀滨 主编 | |
| 分册: | ||
| 出版信息: | 上海 上海文化出版社 2014 |
|
| 页数: | 102页 | |
| 开本: | 26cm | |
| 丛书名: | ||
| 单 册: | ||
| 中图分类: | I226.7 , K825.6=71 | |
| 科图分类: | ||
| 主题词: | 格律诗--诗集--中国--现代 | |
| 电子资源: | ||
| ISBN: | 978-7-5535-0282-3 | |
| 000 | 00868nam0 2200265 450 | |
| 001 | 338904 | |
| 005 | 20150603102032.46 | |
| 010 | @a978-7-5535-0282-3@dCNY30.00 | |
| 100 | @a20141015d2014 em y0chiy50 ea | |
| 101 | 0 | @achi |
| 102 | @aCN@b310000 | |
| 105 | @aa z 000gd | |
| 106 | @ar | |
| 200 | 1 | @a水绘集@Ashui hui ji@e冒鹤亭晚年诗稿@f冒怀滨主编 |
| 210 | @a上海@c上海文化出版社@d2014 | |
| 215 | @a102页@c照片@d26cm | |
| 330 | @a本书收录了《再忆周总理话家常》、《冒鹤亭及其收藏》、《书札背后的文人世界》、《冒效鲁成才经历》、《冒效鲁与贺翘华的婚姻》等文章。 | |
| 517 | 1 | @a冒鹤亭晚年诗稿@Amao he ting wan nian shi gao |
| 600 | 0 | @a冒鹤亭@f(1873-1959)@x生平事迹 |
| 606 | 0 | @a格律诗@x诗集@y中国@z现代 |
| 690 | @aI226.7@v5 | |
| 690 | @aK825.6=71@v5 | |
| 701 | 0 | @a冒怀滨@Amao huai bin@4主编 |
| 801 | 0 | @aCN@b卓展宏图@c20150525 |
| 905 | @dI226.7@e86@f4 | |
| 水绘集:冒鹤亭晚年诗稿/冒怀滨主编.-上海:上海文化出版社,2014 |
| 102页:照片;26cm |
| ISBN 978-7-5535-0282-3:CNY30.00 |
| 本书收录了《再忆周总理话家常》、《冒鹤亭及其收藏》、《书札背后的文人世界》、《冒效鲁成才经历》、《冒效鲁与贺翘华的婚姻》等文章。 |
| ● |
| 相关链接 |
|
|
|
|
正题名:水绘集
索取号:I226.7/86
 
预约/预借
| 序号 | 登录号 | 条形码 | 馆藏地/架位号 | 状态 | 备注 |
| 1 | 861073 | 208610733 | 第一样本阅览室/ [索取号:I226.7/86] | 在馆 | |
| 2 | 861074 | 208610742 | 第二借阅区/ [索取号:I226.7/86] | 在馆 | |
| 3 | 861075 | 208610751 | 第二借阅区/ [索取号:I226.7/86] | 在馆 | |
| 4 | 861076 | 208610760 | 第二借阅区/ [索取号:I226.7/86] | 在馆 |